[Event "NRW-ch U12"]
[Site "Kranenburg"]
[Date "2003.04.26"]
[Round "7"]
[White "Van Orsouw, Svenja"]
[Black "Hellwig, Jamel"]
[Result "1/2-1/2"]
[WhiteElo "1437"]
[BlackElo "1126"]
[PlyCount "46"]
[EventDate "2003.04.??"]
[EventType "swiss"]
[EventRounds "7"]
[EventCountry "GER"]
[SourceTitle "EXT 2005"]
[Source "ChessBase"]
[SourceDate "2004.11.15"]
[SourceVersion "1"]
[SourceVersionDate "2004.11.15"]
[SourceQuality "1"]

1. e4 e5 2. Nf3 Nf6 3. d3 Nc6 4. Be2 Bc5 5. Be3 Bb4+ 6. c3 Be7 7. 0-0 0-0 8. d4 exd4 9. Bxd4 Nxe4 10. Qc2 Nf6 11. Ng5 h6 12. Bxf6 hxg5 13. Bxe7 Qxe7 14. Re1 Re8 15. Nd2 d6 16. Kf1 g6 17. Qb3 Ne5 18. Bf3 Qf6 19. Qd1 g4 20. Be2 Bf5 21. Kg1 Bd3 22. Bxg4 Nxg4 23. Qxg4 Kg7 1/2-1/2

[Event "NRW-ch U12"]
[Site "Kranenburg"]
[Date "2003.04.23"]
[Round "4"]
[White "Hellwig, Jamel"]
[Black "Schwanbeck, Christoph"]
[Result "1-0"]
[WhiteElo "1126"]
[BlackElo "1374"]
[PlyCount "77"]
[EventDate "2003.04.??"]
[EventType "swiss"]
[EventRounds "7"]
[EventCountry "GER"]
[SourceTitle "EXT 2005"]
[Source "ChessBase"]
[SourceDate "2004.11.15"]
[SourceVersion "1"]
[SourceVersionDate "2004.11.15"]
[SourceQuality "1"]

1. e4 c5 2. Nf3 d6 3. Nc3 Nc6 4. Bb5 Bd7 5. 0-0 g6 6. d3 Bg7 7. Bf4 a6 8. Bc4 b5 9. Bd5 Rc8 10. Ng5 e6 11. Bxc6 Bxc6 12. Qf3 f5 13. Nxe6 Qe7 14. Nxg7+ Qxg7 15. Bxd6 Bb7 16. Rfe1 Kd7 17. Qf4 b4 18. Be5 Nf6 19. Na4 Rhe8 20. Nb6+ Kc6 21. Nxc8 Bxc8 22. exf5 Bxf5 23. Bxf6 Rxe1+ 24. Rxe1 Qxf6 25. Qe5 Qg5 26. Qe8+ Kd5 27. c4+ Kd6 28. Qe5+ Kc6 29. Qd5+ Kc7 30. Qxc5+ Kd7 31. Qa7+ Kd8 32. c5 Bxd3 33. c6 Bf5 34. c7+ Kd7 35. c8Q+ Kd6 36. Qcxa6+ Kd5 37. Qa5+ Kc4 38. Q7c5+ Kd3 39. Qe3+ 1-0